Państwa na literę R - nagła śmierć na mapie - Statystyki

Ogólne statystyki
  • Ten quiz został rozwiązany 299 razy
  • Średni wynik to 11 z 16
Answers on the Grid
Answers color-coded by a green-red scale on the quiz's grid according to % correct below.
 
Statystyki odpowiedzi
Odpowiedź % Poprawnych
Rosja
89%
Rosja
89%
Rosja
87%
Republika Środkowoafrykańska, Rwanda
86%
Rosja
83%
Rosja
81%
Rosja
79%
Rosja
76%
Rumunia
75%
Rosja
73%
Republika Południowej Afryki, Rwanda
64%
Republika Południowej Afryki
53%
Republika Południowej Afryki
53%
Republika Zielonego Przylądka
32%
Republika Południowej Afryki
31%
Rosja
27%
Nie znaleziono quizów pasujących do podanych kryteriów
Rozkład punktacji
Procent ludzi z każdym wynikiem
Percentyl według liczby udzielonych odpowiedzi
Twoja historia wyników
Nie rozwiązałeś tego quizu